Lucas do Rio Verde em alta / (Record no. 1151)

MARC details
000 -LÍDER
Campo Fixo de Controle 00974nam a2200277 a 4500
001 - NÚMERO DE CONTROLE
Campo de Controle 1151
003 - IDENTIFICAÇÃO DO NÚMERO DE CONTROLE
Campo de Controle BR-CuiBMT
005 - DATA E HORA DA ÚLTIMA ATUALIZAÇÃO
Campo de Controle 20231212225831.0
008 - DADOS FIXOS
Dados Fixos 231129s2017 mtba 000 0 por d
020 ## - INTERNATIONAL STANDARD BOOK NUMBER
Nº do ISBN 9788592307806
040 ## - AGÊNCIA CATALOGADORA
Código da Agência Catalogadora BR-CuiBMT
Agência que transcreveu o registro BR-CuiBMT
080 ## - Nº DA CLASSIFICAÇÃO DECIMAL UNIVERSAL
Nº edição CDU 2007
Nº Class. CDU 778.35
Subd. Auxiliar Comum (817.2)
090 ## - NÚMERO DE CHAMADA
Nº classificação 778.35(817.2)
Cutter C289l
Ano/Edição 1. ed.
100 1# - ENTRADA PRINCIPAL -- AUTOR PESSOAL
Nome pessoal Carneiro, Tiago Sá
240 ## - TÍTULO UNIFORME/ORIGINAL
Título original Lucas do Rio Verde in the highest
245 00 - TÍTULO PRINCIPAL
Título principal Lucas do Rio Verde em alta /
Indicação de responsabilidade Tiago Sá Carneiro ; [ Josi Pegoraro, Isadora Bonasina ].
250 ## - EDIÇÃO
Edição 1. ed.
260 ## - PUBLICAÇÃO, DISTRIBUIÇÃO, ETC.
Local de publicação São Paulo :
Editora Ipsis ,
Data 2017.
300 ## - DESCRIÇÃO FÍSICA
N. páginas ou volumes 216 p. :
Ilustrações il. color ;
Dimensões 30 cm
500 ## - NOTAS GERAIS
Notas gerais Publicação contendo fotografias aéreas da cidade de Lucas do Rio Verde, Mato Grosso. Texto em português con tradução paralela para a língua inglesa.
650 ## - ASSUNTO TÓPICO
Cabeçalho tópico ou nome geográfico Lucas do Rio Verde
Subdivisão geográfica Mato Grosso
650 ## - ASSUNTO TÓPICO
Cabeçalho tópico ou nome geográfico Fotografias aéreas
700 ## - ENTRADA SECUNDÁRIA -- NOME PESSOAL
Nome pessoal Pegoraro, Josi
700 ## - ENTRADA SECUNDÁRIA -- NOME PESSOAL
Nome pessoal Bonasina, Isadora
942 ## - ELEMENTOS DE ENTRADA ADICIONAIS (KOHA)
Fonte de classificação ou esquema de arquivamento Classificação Decimal Universal
Tipo de item do Koha Livros
Holdings
Estado: removido Estado: perdido Fonte de classificação ou esquema de arquivamento Estado: danificado Indisponível para empréstimo Localização permanente Localização atual Data de aquisição Total Checkouts Número de Chamada completo Código de barras Date last seen Número do exemplar Preço efetivo a partir de Tipo de item (Koha)
    Classificação Decimal Universal     Biblioteca da Escola Superior de Contas do TCE/MT Biblioteca da Escola Superior de Contas do TCE/MT 12/12/2023   778.35(817.2) C289l BIBTCEMT23120427 12/12/2023 Ex. 1 12/12/2023 Livros

Powered by Koha